00452nam a2200181 a 4500001001300000003000900013005001700022008004100039020001000080082001300090245002000103260003700123300001900160500003500179505001300214650002100227710002200248nice12345678IN_TiNIC20260116011723.0050524s1941 luca grp 000 0 urd  ac10000a245bFAZ aNaat-O-Munqabat aLucknowbFazli Kutub Khanac1941 a16 and 40pages aincludes index and biblioraphy2 aAppendix aChristian-Poetry2 aFazli Kutub Khana